| 000 | 00361nam a2200145 i 4500 | ||
|---|---|---|---|
| 001 | 85191 | ||
| 003 | ES-MaACL | ||
| 007 | t| | ||
| 008 | 041126s1930 sp ||||1| spa d | ||
| 100 | 1 |
_aJiménez, Max. _966429 |
|
| 245 | 1 | 0 |
_aSonaja / _cMax Jiménez. |
| 260 |
_a[Madrid : _b[s.n., _c1930] ( _fArgis) |
||
| 300 |
_a102 p. ; _c25 cm. |
||
| 852 |
_aES-MaACL _jB-4553 |
||
| 999 |
_c85191 _d85191 |
||